Zwycięzcy żużlowej Zlatej Prilby - Statystyki

Ogólne statystyki
  • Ten quiz został rozwiązany 23 razy
  • Średni wynik to 34 z 76
Statystyki odpowiedzi
Rok Kraj Zwycięzca % Poprawnych
2018 Australia Jason Doyle
94%
2019 Australia Jason Doyle
94%
2020 Australia Jason Doyle
94%
2014 Australia Chris Holder
88%
2016 Rosja Emil Sayfutdinov
88%
2015 Chorwacja Jurica Pavlic
88%
2010 Dania Nicki Pedersen
88%
2021 Polska Patryk Dudek
88%
2017 Czechy Václav Milík Jr.
88%
2007 Szwecja Andreas Jonsson
82%
1988 Szwecja Per Jonsson
82%
2023 Finlandia Timo Lahti
82%
1992 Szwecja Tony Rickardsson
82%
1993 Szwecja Tony Rickardsson
82%
1995 Szwecja Tony Rickardsson
82%
2022 Wielka Brytania Dan Bewley
76%
2002 Australia Jason Crump
76%
2006 Australia Jason Crump
76%
1999 Australia Leigh Adams
76%
2000 Australia Leigh Adams
76%
2001 Australia Leigh Adams
76%
2004 Australia Leigh Adams
76%
1997 Australia Ryan Sullivan
71%
2003 Australia Ryan Sullivan
71%
2013 Australia Darcy Ward
65%
2024 Dania Rasmus Jensen
65%
2009 Polska Rune Holta
65%
2011 Polska Rune Holta
65%
1985 Dania Erik Gundersen
59%
1986 Dania Erik Gundersen
59%
2012 Polska Grzegorz Walasek
59%
2008 Dania Hans N. Andersen
59%
1987 Dania Hans Nielsen
59%
1998 Dania Hans Nielsen
59%
1967 Szwecja Ove Fundin
59%
1970 Dania Ole Olsen
53%
1971 Dania Ole Olsen
53%
1972 Dania Ole Olsen
53%
1975 Dania Ole Olsen
53%
1977 Dania Ole Olsen
53%
1979 Dania Ole Olsen
53%
1980 Dania Ole Olsen
53%
1991 Czechosłowacja Antonín Kasper jr.
47%
1963 Czechosłowacja Antonín Kasper sr.
47%
1996 Czechy Tomáš Topinka
47%
2005 Wielka Brytania Scott Nicholls
41%
1964 Związek Radziecki Igor Plechanov
29%
1966 Związek Radziecki Igor Plechanov
29%
1994 Wielka Brytania Simon Wigg
24%
1974 Czechosłowacja Jiří Štancl
12%
1976 Czechosłowacja Jiří Štancl
12%
1978 Czechosłowacja Jiří Štancl
12%
1981 Czechosłowacja Jiří Štancl
12%
1982 Czechosłowacja Jiří Štancl
12%
1983 USA Dennis Sigalos
6%
1934 Holandia Gerrit van Dijk
6%
1989 Wielka Brytania Jeremy Doncaster
6%
1990 Wielka Brytania Jeremy Doncaster
6%
1973 Czechosłowacja Milan Špinka
6%
1929 Czechosłowacja Zdeněk Pohl
6%
1965 Związek Radziecki Farit Šajnurov
0%
1938 Czechosłowacja František Juhan
0%
1949 Austria Fritz Dirtl
0%
1969 Związek Radziecki Gennady Kurilenko
0%
1932 Austria Hans Mayer
0%
1933 Niemcy Hans Walter Buttler
0%
1935 Niemcy Herman Gunzenhauser
0%
1936 Niemcy Herman Gunzenhauser
0%
1947 Czechosłowacja Hugo Rosák
0%
1951 Czechosłowacja Jan Lucák
0%
1984 Wielka Brytania John Davies
0%
1930 Jugosławia Josef Antun Štrban
0%
1962 Niemcy Josef Seidl
0%
1968 Szwecja Leif Enecrona
0%
1961 Czechosłowacja Oldřich Klaudinger
0%
1931 Niemcy Rudi Klein
0%
Nie znaleziono quizów pasujących do podanych kryteriów
Rozkład punktacji
Procent ludzi z każdym wynikiem
Percentyl według liczby udzielonych odpowiedzi
Twoja historia wyników
Nie rozwiązałeś tego quizu